| 000 | 01413nam a22003617a 4500 | ||
|---|---|---|---|
| 005 | 20110329095544.0 | ||
| 006 | a|||||r|||||00| 0 | ||
| 007 | ta | ||
| 008 | 040420c19979999ii ar | 00| 0 eng | ||
| 037 | _bKrishnamurti Foundation India, 64-65, Greenways Rd., Chennai-600028 | ||
| 040 |
_aDLC _cDLC _dOCoLC _dOCoLC |
||
| 042 | _alc | ||
| 043 |
_aa-ii--- _ae-uk--- |
||
| 050 | 0 | 0 |
_aL61 _b.J68 |
| 082 | _a181.499 | ||
| 245 | 0 | 0 |
_aJournal of the Krishnamurti schools / _cKrishnamurti Foundation India. |
| 260 |
_aChennai : _bKrishnamurti Foundation India, _c1997- |
||
| 300 |
_av. ; _c25 cm. |
||
| 310 | _aAnnual | ||
| 362 | 1 | _aBegan with No. 1 in 1997. | |
| 500 | _aDescription based on: No. 2 (July 1998); title from cover. | ||
| 500 | _aLatest issue consulted: No. 6 (July 2002). | ||
| 600 | 1 | 0 |
_aKrishnamurti, J. _q(Jiddu), _d1895-1986 _vPeriodicals. _926806 |
| 650 | 0 |
_aEducation _zIndia _vPeriodicals. _926807 |
|
| 650 | 0 |
_aSchools _zIndia _vPeriodicals. _926808 |
|
| 710 | 2 |
_aKrishnamurti Foundation India. _926809 |
|
| 856 | _uhttp://www.journal.kfionline.org/ | ||
| 270 |
_a124-126, Greenways Road, RA Puram, _bChennai _e600028 _mpublications@kfionline.org |
||
| 906 |
_a7 _bcbc _cserials _d2 _encip _f20 _gn-oclcserc |
||
| 942 |
_2ddc _cSR _h181.499 _mJOU _s1 |
||
| 999 |
_c51296 _d51296 |
||